000 00366nam a2200133Ia 4500
008 230411s9999 xx 000 0 und d
041 _aeng
082 _aAD/610.6/VEE/B08608
100 _aVeerabhadrappa GM
_9106523
245 _aSolved Papers in Nursing Administration
260 _bS Vikas and Co
_aJalandhar
_c2016
300 _a251p
999 _c158232
_d158232